B-005 文京区の町名 - Statistics

General Stats
  • This quiz has been taken 61 times
  • The average score is 14 of 19
Answers on the Map
Answers color-coded by a green-red scale on the quiz's map according to % correct below.
 
Answer Stats
Answer % Correct
本郷
96%
根津
94%
千駄木
94%
白山
92%
湯島
92%
本駒込
90%
千石
85%
後楽
83%
春日
83%
小石川
79%
水道
73%
大塚󠄄
67%
弥生
67%
音羽
60%
西片
60%
関口
56%
目白台
52%
向丘
52%
小日向
48%
No matching quizzes found
Score Distribution
Percent of People with Each Score
Percentile by Number Answered
Your Score History
You have not taken this quiz